| 000 | 01433cam a22003614a 4500 | ||
|---|---|---|---|
| 001 | 16339702 | ||
| 005 | 20170105102852.0 | ||
| 008 | 100719s2010 enka b 001 0 eng d | ||
| 010 | _a 2010281255 | ||
| 015 |
_aGBA9B5502 _2bnb |
||
| 016 | 7 |
_a015432734 _2Uk |
|
| 020 | _a9780230232310 (hbk.) | ||
| 020 | _a0230232310 (hbk.) | ||
| 035 | _a(OCoLC)ocn430839350 | ||
| 040 |
_aUKM _cUKM _dBTCTA _dYDXCP _dBWKUK _dBWK _dBWX _dDLC |
||
| 042 | _alccopycat | ||
| 043 | _af------ | ||
| 050 | 0 | 0 |
_aHD966 _b.H36 2010 |
| 082 | 0 | 4 |
_a333.30967 _222 |
| 100 | 1 | _aHammond, Felix. | |
| 245 | 1 | 0 |
_aEconomic analysis of Sub-Saharan Africa real estate policies / _cFelix N. Hammond and Yaw Adarkwah Antwi. |
| 260 |
_aBasingstoke, Hampshire ; _aNew York : _bPalgrave Macmillan, _c2010. |
||
| 300 |
_axiv, 260 p. : _bill. ; _c22 cm. |
||
| 504 | _aIncludes bibliographical references (p. 230-249) and indexes. | ||
| 650 | 0 |
_aLand tenure _xGovernment policy _xEconomic aspects _zAfrica, Sub-Saharan. |
|
| 650 | 0 |
_aReal property _xGovernment policy _zAfrica, Sub-Saharan. |
|
| 650 | 0 |
_aReal estate business _xGovernment policy _xEconomic aspects _zAfrica, Sub-Saharan. |
|
| 650 | 0 |
_aEconomic development _zAfrica, Sub-Saharan. |
|
| 700 | 1 | _aAntwi, Yaw Adarkwah. | |
| 906 |
_a7 _bcbc _ccopycat _d2 _encip _f20 _gy-gencatlg |
||
| 942 |
_2ddc _cBK |
||
| 999 |
_c14311 _d14311 |
||